Of gravity & angels (Record no. 131070)
[ view plain ]
| 000 -LEADER | |
|---|---|
| fixed length control field | 01297nam a2200361 a 4500 |
| 082 04 - DEWEY DECIMAL CLASSIFICATION NUMBER | |
| Classification number | 811/.54 |
| 100 1# - MAIN ENTRY--AUTHOR NAME | |
| Personal name | Hirshfield, Jane, |
| 245 10 - TITLE STATEMENT | |
| Title | Of gravity & angels |
| 250 ## - EDITION STATEMENT | |
| Edition statement | 1st ed. |
| 260 ## - PUBLICATION, DISTRIBUTION, ETC. (IMPRINT) | |
| Place of publication | Middletown, Conn. : |
| Name of publisher | Wesleyan University Press ; |
| Place of publication | Scranton, Pa. : |
| Name of publisher | Distributed by Harper & Row, |
| Year of publication | c1988. |
| 300 ## - PHYSICAL DESCRIPTION | |
| Number of Pages | 71 p. |
| 490 1# - SERIES STATEMENT | |
| Series statement | Wesleyan poetry |
| 650 #0 - SUBJECT ADDED ENTRY--TOPICAL TERM | |
| Topical Term | American poetry. |
| 856 40 - ELECTRONIC LOCATION AND ACCESS | |
| Uniform Resource Identifier | http://site.ebrary.com/lib/rucke/Doc?id=10468460 |
No items available.
